[Event "TUR-chT 1st League"]
[Site "Konya"]
[Date "2018.07.21"]
[Round "8.8"]
[White "Dursun, Poyraz"]
[Black "Akti, Ezgi"]
[Result "1-0"]
[WhiteElo "1814"]
[BlackElo "1641"]
[PlyCount "101"]
[EventDate "2018.07.16"]
[EventType "team-swiss"]
[EventRounds "9"]
[EventCountry "TUR"]
[SourceTitle "EXT 2019"]
[Source "ChessBase"]
[SourceDate "2018.10.10"]
[SourceVersion "1"]
[SourceVersionDate "2018.10.10"]
[SourceQuality "1"]
[WhiteTeam "Boranlar Mersin Toyota"]
[BlackTeam "Salihli Sardes"]
[WhiteTeamCountry "TUR"]
[BlackTeamCountry "TUR"]

1. e4 e5 2. Nf3 Nc6 3. Bb5 a6 4. Ba4 Nf6 5. d4 exd4 6. e5 Nd5 7. Bb3 Bb4+ 8. c3 dxc3 9. 0-0 Nde7 10. Ng5 Nxe5 11. f4 d5 12. fxe5 Be6 13. Nxe6 fxe6 14. Qg4 Bc5+ 15. Kh1 Qd7 16. Nxc3 0-0-0 17. Bg5 Rdf8 18. Bxe7 Bxe7 19. Ne2 Bc5 20. Nd4 h5 21. Rxf8+ Rxf8 22. Qd1 Rf4 23. Nf3 Rf5 24. Qe2 Qe7 25. Rf1 g5 26. Nd2 Rxf1+ 27. Qxf1 Bd4 28. Nf3 Bxb2 29. Qb1 Bc3 30. Qd3 Bb4 31. Qg6 g4 32. Nd4 Kd7 33. Bc2 Bc3 34. Nxe6 Bxe5 35. Bf5 c6 36. Qxh5 g3 37. Nf4+ Kc7 38. hxg3 b5 39. Ng6 Qd6 40. Nxe5 Qxe5 41. Qf3 Qh8+ 42. Bh3 Qa1+ 43. Kh2 Qxa2 44. Qf5 Kb6 45. g4 Qb2 46. g5 Qg7 47. Qf6 Qg8 48. g6 b4 49. g7 b3 50. Qf8 b2 51. Qxg8 1-0

[Event "EU-ch U16 Girls 27th"]
[Site "Mamaia"]
[Date "2017.09.08"]
[Round "4"]
[White "Dursun, Poyraz"]
[Black "Verbin, Valentina"]
[Result "0-1"]
[WhiteElo "1728"]
[BlackElo "1947"]
[PlyCount "71"]
[EventDate "2017.09.05"]
[EventType "swiss"]
[EventRounds "9"]
[EventCountry "ROU"]
[SourceTitle "CBM 180 Extra"]
[Source "ChessBase"]
[SourceDate "2017.10.06"]
[SourceVersion "1"]
[SourceVersionDate "2017.10.06"]
[SourceQuality "1"]

1. e4 c5 2. Nf3 e6 3. d4 cxd4 4. Nxd4 Nf6 5. Nc3 d6 6. g3 a6 7. Bg2 Be7 8. 0-0 0-0 9. f4 Qc7 10. g4 Nc6 11. Nb3 Rb8 12. Be3 Re8 13. g5 Nd7 14. Qh5 g6 15. Qh4 Bf8 16. Rf3 Bg7 17. Rh3 Nf8 18. f5 Bxc3 19. bxc3 exf5 20. Bf4 fxe4 21. Re3 Ne5 22. Nd2 Bf5 23. Rd1 Rbd8 24. Rxe4 Qxc3 25. Bxe5 dxe5 26. Re2 e4 27. Qe1 Bg4 28. Nxe4 Rxd1 29. Qxd1 Bxe2 30. Qxe2 Qd4+ 31. Kf1 Nd7 32. Qg4 Qc4+ 33. Kg1 Qc6 34. Qd1 f5 35. Qxd7 fxe4 36. Qxb7 0-1

[Event "EU-ch U16 Girls 27th"]
[Site "Mamaia"]
[Date "2017.09.05"]
[Round "1"]
[White "Duson, Robin"]
[Black "Dursun, Poyraz"]
[Result "1/2-1/2"]
[WhiteElo "1962"]
[BlackElo "1728"]
[PlyCount "118"]
[EventDate "2017.09.05"]
[EventType "swiss"]
[EventRounds "9"]
[EventCountry "ROU"]
[SourceTitle "CBM 180 Extra"]
[Source "ChessBase"]
[SourceDate "2017.10.06"]
[SourceVersion "1"]
[SourceVersionDate "2017.10.06"]
[SourceQuality "1"]

1. e4 c5 2. Nf3 g6 3. d4 Bg7 4. Nc3 cxd4 5. Nxd4 Nc6 6. Be3 Nf6 7. Bc4 0-0 8. Bb3 Qa5 9. 0-0 d6 10. h3 Bd7 11. f4 Nxd4 12. Bxd4 Bc6 13. Qd3 Nd7 14. Bxg7 Kxg7 15. Qd4+ Kg8 16. Nd5 Bxd5 17. Bxd5 e6 18. b4 Qc7 19. Bb3 Qb6 20. Rad1 Rfd8 21. Rf3 Qxd4+ 22. Rxd4 Nf6 23. Rfd3 Ne8 24. c4 Kf8 25. g4 Ke7 26. g5 f6 27. h4 e5 28. Rd5 b6 29. Rf3 fxg5 30. hxg5 exf4 31. Rh3 h5 32. gxh6 Nf6 33. Rd2 g5 34. Re2 Rh8 35. e5 Ng4 36. exd6+ Kxd6 37. c5+ bxc5 38. Re6+ Kc7 39. bxc5 Rae8 40. Rxe8 Rxe8 41. h7 Rh8 42. Bc2 Ne3 43. Be4 Ng4 44. Bb1 Kc6 45. Rh5 Ne5 46. Kf2 Nf7 47. Bg6 Ne5 48. Be4+ Kxc5 49. Rxg5 Kd4 50. Rg8 Nf7 51. Bg6 a5 52. Bxf7 Rxh7 53. Bb3 Rh2+ 54. Kg1 Rb2 55. Rc8 a4 56. Rc4+ Ke3 57. Rxa4 Rb1+ 58. Kh2 f3 59. Bc4 f2 1/2-1/2

[Event "TUR-chT 1st League"]
[Site "Konya"]
[Date "2017.07.17"]
[Round "1.6"]
[White "Baspinar, Lara"]
[Black "Dursun, Poyraz"]
[Result "1/2-1/2"]
[WhiteElo "1652"]
[BlackElo "1839"]
[PlyCount "132"]
[EventDate "2017.07.17"]
[EventType "team-swiss"]
[EventRounds "9"]
[EventCountry "TUR"]
[SourceTitle "CBM 179 Extra"]
[Source "ChessBase"]
[SourceDate "2017.08.23"]
[SourceVersion "1"]
[SourceVersionDate "2017.08.23"]
[SourceQuality "1"]
[WhiteTeam "Callica Burdur"]
[BlackTeam "Pamukkale Universiteli"]
[WhiteTeamCountry "TUR"]
[BlackTeamCountry "TUR"]

1. c4 e5 2. Nc3 Nf6 3. g3 d5 4. cxd5 Nxd5 5. Bg2 Nb6 6. d3 Be7 7. Nf3 Nc6 8. Bd2 0-0 9. 0-0 Re8 10. Rc1 Bf8 11. a3 Nd4 12. b4 a5 13. Ne4 axb4 14. axb4 Bg4 15. Nxd4 exd4 16. Re1 Qd7 17. Qb3 Be6 18. Qc2 Ra2 19. Qxc7 Qxc7 20. Rxc7 f5 21. Ng5 Rxd2 22. Rxb7 h6 23. Nf3 Rb2 24. Rxb6 Rxb4 25. Rb1 Rxb1+ 26. Rxb1 Bc5 27. Rb5 Ba7 28. Ne5 Bb8 29. Nc6 Bd7 30. Rxb8 Bxc6 31. Rxe8+ Bxe8 32. Bd5+ Kf8 33. Bc4 Ke7 34. e3 Kf6 35. exd4 Bd7 36. Kg2 g6 37. h4 Be8 38. Kf3 Bc6+ 39. Kf4 g5+ 40. hxg5+ hxg5+ 41. Ke3 Ke7 42. Ba6 Bd7 43. Bb7 Kd6 44. Kd2 Kc7 45. Ba6 Be6 46. Bc4 Bd7 47. Kc3 Kd6 48. Kd2 Bc6 49. Ke3 Bb7 50. Bf7 Bc8 51. g4 f4+ 52. Ke4 Bxg4 53. f3 Bd7 54. Bg6 Be6 55. Bh5 Bd7 56. d5 Bc8 57. d4 Bb7 58. Bf7 Ba6 59. Kf5 Be2 60. Kxg5 Bxf3 61. Kxf4 Bxd5 62. Bxd5 Kxd5 63. Ke3 Kd6 64. Ke4 Ke6 65. Kd3 Kd6 66. Kc3 Kd5 1/2-1/2

[Event "EU School-ch U17"]
[Site "Budva"]
[Date "2017.06.18"]
[Round "6"]
[White "Ayan, Bengu Sena"]
[Black "Dursun, Poyraz"]
[Result "1-0"]
[WhiteElo "1788"]
[BlackElo "1836"]
[PlyCount "91"]
[EventDate "2017.06.11"]
[EventType "swiss"]
[EventRounds "7"]
[EventCountry "MNE"]
[SourceTitle "EXT 2024"]
[Source "ChessBase"]
[SourceDate "2023.10.10"]
[SourceVersion "1"]
[SourceVersionDate "2023.10.10"]
[SourceQuality "1"]

1. d4 Nf6 2. c4 c5 3. d5 e6 4. Nc3 exd5 5. cxd5 d6 6. Nf3 g6 7. Bf4 a6 8. Nd2 b5 9. a4 Nh5 10. Be3 b4 11. Nce4 Nd7 12. g3 Ndf6 13. Nxf6+ Nxf6 14. Nc4 Bg7 15. Bf4 Bf8 16. e4 Nh5 17. e5 dxe5 18. Bxe5 f6 19. g4 fxe5 20. gxh5 Qh4 21. Qf3 Bf5 22. d6 Qe4+ 23. Qxe4 Bxe4 24. Rg1 Rd8 25. Rd1 Bh6 26. Bg2 Bc2 27. Rd5 Bxa4 28. Rxe5+ Kf8 29. Rxc5 Kg7 30. Rc7+ Rd7 31. Bh3 Re8+ 32. Kf1 Rf7 33. d7 Ref8 34. Rg2 Bf4 35. Ra7 Bc6 36. Be6 Bxg2+ 37. Kxg2 Bg5 38. Bxf7 Rxf7 39. h6+ Kg8 40. Ne5 Rf8 41. Nc6 b3 42. Rb7 Bf6 43. Rxb3 a5 44. Rf3 Bg5 45. Rxf8+ Kxf8 46. d8Q+ 1-0

[Event "TUR Cup"]
[Site "Antalya"]
[Date "2017.02.03"]
[Round "10"]
[White "Ilbay, Hakki"]
[Black "Dursun, Poyraz"]
[Result "0-1"]
[WhiteElo "1559"]
[BlackElo "1634"]
[PlyCount "66"]
[EventDate "2017.01.28"]
[EventType "swiss"]
[EventRounds "11"]
[EventCountry "TUR"]
[SourceTitle "CBM 176 Extra"]
[Source "ChessBase"]
[SourceDate "2017.03.02"]
[SourceVersion "1"]
[SourceVersionDate "2017.03.02"]
[SourceQuality "1"]

1. e4 c5 2. Nc3 g6 3. d4 Bg7 4. Nf3 cxd4 5. Nxd4 Nc6 6. Be3 Nf6 7. f3 0-0 8. Qd2 d5 9. exd5 Nxd5 10. Nxc6 bxc6 11. Nxd5 cxd5 12. c3 e5 13. Bc5 Re8 14. Bb5 Bd7 15. Bxd7 Qxd7 16. 0-0 Qb5 17. b4 Qc4 18. Rfd1 Rad8 19. Qd3 Qxd3 20. Rxd3 e4 21. fxe4 dxe4 22. Rxd8 Rxd8 23. Re1 f5 24. c4 Bc3 25. Rc1 Bd2 26. Rc2 f4 27. Bxa7 Bxb4 28. Rb2 e3 29. Kf1 Bd6 30. c5 Be5 31. Rb6 Rd2 32. c6 Rf2+ 33. Kg1 Rxa2 0-1

[Event "TUR-chT2"]
[Site "Konya"]
[Date "2016.07.22"]
[Round "9.1"]
[White "Okuyaz, Duru"]
[Black "Dursun, Poyraz"]
[Result "1-0"]
[WhiteElo "1844"]
[BlackElo "1690"]
[PlyCount "71"]
[EventDate "2016.07.17"]
[EventType "team-swiss"]
[EventRounds "9"]
[EventCountry "TUR"]
[SourceTitle "CBM 173 Extra"]
[Source "ChessBase"]
[SourceDate "2016.08.29"]
[SourceVersion "1"]
[SourceVersionDate "2016.08.29"]
[SourceQuality "1"]
[WhiteTeam "Canakkale Gokceada"]
[BlackTeam "Denizli Pamukkale Uni"]
[WhiteTeamCountry "TUR"]
[BlackTeamCountry "TUR"]

1. e4 c5 2. Nf3 g6 3. d4 cxd4 4. Nxd4 Bg7 5. c4 Nc6 6. Be3 Nf6 7. Nc3 d6 8. Be2 0-0 9. 0-0 Bd7 10. Qd2 Nxd4 11. Bxd4 Bc6 12. f3 a5 13. b3 Nd7 14. Bf2 Nc5 15. Rab1 Be5 16. Bd1 f5 17. exf5 Rxf5 18. Bc2 Rf7 19. a3 e6 20. b4 axb4 21. axb4 Na4 22. Bxa4 Bxa4 23. b5 Qa5 24. Rfc1 Rff8 25. Be3 Rfc8 26. f4 Bxc3 27. Qxc3 Qxc3 28. Rxc3 d5 29. c5 b6 30. c6 Ra5 31. Ra3 Bc2 32. Rxa5 bxa5 33. b6 d4 34. b7 Rf8 35. c7 dxe3 36. c8Q 1-0

[Event "TUR-chT2"]
[Site "Konya"]
[Date "2016.07.18"]
[Round "3.7"]
[White "Dursun, Poyraz"]
[Black "Karagulle, Hulya"]
[Result "1-0"]
[WhiteElo "1690"]
[BlackElo "1519"]
[PlyCount "137"]
[EventDate "2016.07.17"]
[EventType "team-swiss"]
[EventRounds "9"]
[EventCountry "TUR"]
[SourceTitle "CBM 173 Extra"]
[Source "ChessBase"]
[SourceDate "2016.08.29"]
[SourceVersion "1"]
[SourceVersionDate "2016.08.29"]
[SourceQuality "1"]
[WhiteTeam "Denizli Pamukkale Uni"]
[BlackTeam "Gaziantep Sader"]
[WhiteTeamCountry "TUR"]
[BlackTeamCountry "TUR"]

1. e4 c5 2. Nf3 d6 3. d4 cxd4 4. Nxd4 Nf6 5. Nc3 g6 6. Be2 Bg7 7. 0-0 Bd7 8. Re1 0-0 9. Bf1 Nc6 10. Nb3 Rc8 11. Nd5 Ne5 12. Bg5 Bc6 13. Bxf6 exf6 14. c3 Re8 15. Qd2 Bd7 16. Rad1 f5 17. exf5 Bxf5 18. Ne3 Bf8 19. Nxf5 gxf5 20. Qf4 Qf6 21. Nd4 Ng6 22. Qxf5 Qxf5 23. Nxf5 Rxe1 24. Rxe1 Rc6 25. Re3 Rc5 26. g4 Ne5 27. h3 Rd5 28. Nd4 Bh6 29. Re4 Bc1 30. c4 Rxd4 31. Re2 Nxc4 32. Rc2 Nxb2 33. Rxc1 Ra4 34. Rc7 b6 35. Rd7 Rxa2 36. Rxd6 Ra1 37. Kg2 Rd1 38. Rc6 Na4 39. Rc7 a5 40. Bc4 Nc5 41. Bxf7+ Kf8 42. Bc4 Rd7 43. Rc6 Rb7 44. Bd5 Rb8 45. Rc7 Rd8 46. Bc6 h6 47. Bb5 Rd6 48. f3 Ne6 49. Rb7 Nd4 50. Bc4 Rc6 51. Bd3 a4 52. Be4 Rd6 53. Ra7 b5 54. h4 Rb6 55. g5 hxg5 56. hxg5 Ne6 57. f4 Nxf4+ 58. Kf3 Ng6 59. Kg4 Ne7 60. Kh5 Re6 61. Bd3 Re5 62. Kh6 Rd5 63. Be2 Rd6+ 64. Kh7 Kf7 65. Bxb5 Rg6 66. Rxe7+ Kxe7 67. Kxg6 a3 68. Bc4 Ke8 69. Kh7 1-0

[Event "TUR-ch (Women)"]
[Site "Cesme"]
[Date "2016.03.12"]
[Round "9"]
[White "Dursun, Poyraz"]
[Black "Erece, Ece Alkim"]
[Result "0-1"]
[WhiteElo "1561"]
[BlackElo "1752"]
[PlyCount "110"]
[EventDate "2016.03.07"]
[EventType "swiss"]
[EventRounds "9"]
[EventCountry "TUR"]
[SourceTitle "CBM 171 Extra"]
[Source "ChessBase"]
[SourceDate "2016.04.26"]
[SourceVersion "1"]
[SourceVersionDate "2016.04.26"]
[SourceQuality "1"]

1. e4 e5 2. Nf3 Nc6 3. Bc4 Bc5 4. c3 Nf6 5. d4 exd4 6. cxd4 Bb4+ 7. Nc3 Nxe4 8. 0-0 Bxc3 9. d5 Bf6 10. Re1 Ne7 11. Rxe4 d6 12. Bg5 Bxg5 13. Nxg5 h6 14. Qa4+ Bd7 15. Qb3 0-0 16. Rae1 Ng6 17. Nf3 Rb8 18. h4 h5 19. Ng5 Qf6 20. Bd3 Bf5 21. Rb4 Nxh4 22. Bxf5 Qxg5 23. Bh3 b6 24. Rbe4 Ng6 25. Qc4 Qd8 26. Qb5 Qg5 27. Qc4 f5 28. Re6 Ne5 29. R1xe5 dxe5 30. d6 Kh8 31. dxc7 Rbc8 32. Rxe5 Qg6 33. Qc2 Qd6 34. Qe2 Rxc7 35. Qxh5+ Kg8 36. Re1 g6 37. Qg5 Rff7 38. Re8+ Kg7 39. Qe3 Rfe7 40. Rxe7+ Rxe7 41. Qc3+ Qe5 42. Qc2 Qd4 43. g3 Kh6 44. Qc1+ Kh5 45. Bg2 g5 46. Qc2 Qe5 47. Qd1+ g4 48. Qc2 Qe1+ 49. Kh2 Kg5 50. f4+ gxf3 51. Bxf3 Rh7+ 52. Kg2 Qh1+ 53. Kf2 Rh2+ 54. Ke3 Qxf3+ 55. Kxf3 Rxc2 0-1

[Event "TUR-ch (Women)"]
[Site "Cesme"]
[Date "2016.03.10"]
[Round "6"]
[White "Aydin, Gulenay"]
[Black "Dursun, Poyraz"]
[Result "0-1"]
[WhiteElo "1432"]
[BlackElo "1561"]
[PlyCount "192"]
[EventDate "2016.03.07"]
[EventType "swiss"]
[EventRounds "9"]
[EventCountry "TUR"]
[SourceTitle "CBM 171 Extra"]
[Source "ChessBase"]
[SourceDate "2016.04.26"]
[SourceVersion "1"]
[SourceVersionDate "2016.04.26"]
[SourceQuality "1"]

1. e4 c5 2. Nf3 g6 3. d4 cxd4 4. Nxd4 Bg7 5. Nc3 Nc6 6. Be3 Nf6 7. Be2 0-0 8. 0-0 d5 9. Nxc6 bxc6 10. exd5 cxd5 11. Bf3 Bb7 12. Re1 Qd7 13. Qd2 Rfd8 14. Rad1 e6 15. Bh6 Bh8 16. Ne2 Rac8 17. c3 Qa4 18. b3 Qc6 19. c4 Qb6 20. Be3 Qa6 21. Bh6 Qb6 22. Be3 Qc7 23. cxd5 Bxd5 24. Rc1 Qb7 25. Rxc8 Rxc8 26. Bxd5 Nxd5 27. Rc1 Rxc1+ 28. Nxc1 Qc7 29. Bh6 Bc3 30. Qc2 Qb8 31. Ne2 Be5 32. h3 Qb7 33. Qc5 Qb8 34. Nd4 Bd6 35. Qb5 Qxb5 36. Nxb5 Bc5 37. Bd2 a6 38. Nc3 Nb4 39. Ne4 Be7 40. Bxb4 Bxb4 41. Nf6+ Kg7 42. Ne8+ Kf8 43. Nc7 a5 44. Kf1 Ke7 45. Nb5 Kd7 46. Ke2 Kc6 47. Nd4+ Kd5 48. Nf3 h6 49. Ke3 Bc5+ 50. Ke2 Ke4 51. g3 Bb4 52. h4 Bc5 53. g4 Bb4 54. a4 Bc3 55. g5 h5 56. Nh2 Bb4 57. Nf3 e5 58. Nd2+ Bxd2 59. Kxd2 Kf3 60. Ke1 e4 61. Kf1 Kg4 62. Ke2 Kf4 63. b4 axb4 64. a5 b3 65. Kd2 Kf3 66. a6 Kxf2 67. a7 e3+ 68. Kd3 b2 69. Kc2 b1Q+ 70. Kxb1 e2 71. a8Q e1Q+ 72. Kc2 Qe2+ 73. Kc3 Qe3+ 74. Kc2 Qc5+ 75. Kb3 Qb5+ 76. Kc3 Qe5+ 77. Kc2 Qf5+ 78. Kb2 Qe5+ 79. Kc2 Qe2+ 80. Kc1 Kg3 81. Qh1 Qc4+ 82. Kd1 Qxh4 83. Qg1+ Kf3 84. Qf1+ Qf2 85. Qd3+ Kg4 86. Qe2+ Qxe2+ 87. Kxe2 Kxg5 88. Kf3 h4 89. Kg2 f5 90. Kf1 Kg4 91. Kf2 h3 92. Kf1 Kg3 93. Kg1 f4 94. Kh1 f3 95. Kg1 f2+ 96. Kh1 f1Q# 0-1

[Event "TUR-ch (Women)"]
[Site "Cesme"]
[Date "2016.03.09"]
[Round "4"]
[White "Kaplan, Ebru"]
[Black "Dursun, Poyraz"]
[Result "1-0"]
[WhiteElo "1948"]
[BlackElo "1561"]
[PlyCount "59"]
[EventDate "2016.03.07"]
[EventType "swiss"]
[EventRounds "9"]
[EventCountry "TUR"]
[SourceTitle "CBM 171 Extra"]
[Source "ChessBase"]
[SourceDate "2016.04.26"]
[SourceVersion "1"]
[SourceVersionDate "2016.04.26"]
[SourceQuality "1"]

1. e4 c5 2. Nf3 g6 3. c3 d5 4. exd5 Qxd5 5. d4 Bg4 6. Be2 cxd4 7. cxd4 Bg7 8. 0-0 Nf6 9. Nc3 Qd8 10. h3 Be6 11. Ng5 Bd5 12. Nxd5 Nxd5 13. Qb3 Qd7 14. Bf3 e6 15. Be3 0-0 16. Ne4 b6 17. Nc3 Nxe3 18. fxe3 Nc6 19. Bxc6 Qxc6 20. Rf3 Rad8 21. Raf1 Rd7 22. Kh1 Rc8 23. Qc2 e5 24. d5 Qxd5 25. Qa4 Qc6 26. Qh4 Qe6 27. Ne4 Qc4 28. b3 Qb4 29. Nf6+ Bxf6 30. Qxb4 1-0

[Event "TUR-ch (Women)"]
[Site "Cesme"]
[Date "2016.03.08"]
[Round "2"]
[White "Altuner, Merve"]
[Black "Dursun, Poyraz"]
[Result "0-1"]
[WhiteElo "1287"]
[BlackElo "1561"]
[PlyCount "74"]
[EventDate "2016.03.07"]
[EventType "swiss"]
[EventRounds "9"]
[EventCountry "TUR"]
[SourceTitle "CBM 171 Extra"]
[Source "ChessBase"]
[SourceDate "2016.04.26"]
[SourceVersion "1"]
[SourceVersionDate "2016.04.26"]
[SourceQuality "1"]

1. d4 Nf6 2. c4 c5 3. Nf3 cxd4 4. Nxd4 g6 5. Nc3 Bg7 6. e3 0-0 7. Nf3 d6 8. Bd3 Nc6 9. 0-0 Bg4 10. Be2 Qc8 11. Qb3 Rb8 12. Bd2 Bxf3 13. Bxf3 Na5 14. Qc2 Nxc4 15. Rac1 Nxd2 16. Qxd2 Qd7 17. Rc2 Rfc8 18. Rfc1 Rc7 19. a4 a6 20. Qd3 Rcc8 21. b4 e6 22. b5 a5 23. b6 d5 24. Qb5 Qxb5 25. Nxb5 Rxc2 26. Rxc2 Nd7 27. Rc7 Nxb6 28. Nd6 Be5 29. Rc5 Bxd6 30. Rxa5 Rc8 31. g3 Ra8 32. Rb5 Nxa4 33. Rxb7 Nc5 34. Rb2 Ra1+ 35. Kg2 Nd3 36. Rd2 Ne1+ 37. Kh3 Nxf3 0-1

[Event "TUR-ch (Women)"]
[Site "Cesme"]
[Date "2016.03.08"]
[Round "3"]
[White "Dursun, Poyraz"]
[Black "Akat, Elifnaz"]
[Result "1-0"]
[WhiteElo "1561"]
[BlackElo "1345"]
[PlyCount "115"]
[EventDate "2016.03.07"]
[EventType "swiss"]
[EventRounds "9"]
[EventCountry "TUR"]
[SourceTitle "CBM 171 Extra"]
[Source "ChessBase"]
[SourceDate "2016.04.26"]
[SourceVersion "1"]
[SourceVersionDate "2016.04.26"]
[SourceQuality "1"]

1. e4 e5 2. Nf3 Nc6 3. Bc4 Bc5 4. c3 Nf6 5. d4 exd4 6. cxd4 Bb4+ 7. Nc3 d6 8. Qd3 h6 9. h3 0-0 10. 0-0 Bxc3 11. bxc3 Bd7 12. Bb3 Qe7 13. Bc2 Rfe8 14. Re1 d5 15. exd5 Qd6 16. Rxe8+ Rxe8 17. dxc6 Bxc6 18. Bd2 Be4 19. Qb5 Bxc2 20. Be3 Be4 21. Ne5 Rf8 22. f3 a6 23. Qb2 Bc6 24. Nxc6 Qxc6 25. Rc1 Nd5 26. Bf2 Nf4 27. Qd2 Nh5 28. c4 Qd6 29. Re1 Qd7 30. Qb4 Re8 31. Rxe8+ Qxe8 32. Qxb7 Nf6 33. Qxc7 Qa4 34. Qb8+ Kh7 35. Qb1+ Kg8 36. Qb3 Qc6 37. Qb4 Qe6 38. d5 Qe5 39. Qb3 Qa1+ 40. Kh2 Qf1 41. Be3 Nh5 42. Qb8+ Kh7 43. Qe5 Nf6 44. Qf5+ Kg8 45. Qc8+ Kh7 46. Qxa6 Qa1 47. Bf2 Qe5+ 48. Bg3 Qe2 49. Qc8 Qxa2 50. Qf5+ Kg8 51. Qc8+ Kh7 52. d6 Qa7 53. c5 Nh5 54. d7 Nxg3 55. Kxg3 Qa1 56. Qe8 Qf6 57. d8Q Qg6+ 58. Kh2 1-0

[Event "TUR-chT2"]
[Site "Konya"]
[Date "2015.07.31"]
[Round "9.5"]
[White "Dursun, Poyraz"]
[Black "Kose, Ulya"]
[Result "0-1"]
[WhiteElo "1464"]
[BlackElo "1473"]
[PlyCount "82"]
[EventDate "2015.07.25"]
[EventType "team-swiss"]
[EventRounds "9"]
[EventCountry "TUR"]
[SourceTitle "CBM 167 Extra"]
[Source "ChessBase"]
[SourceDate "2015.09.14"]
[SourceVersion "1"]
[SourceVersionDate "2015.09.14"]
[SourceQuality "1"]
[WhiteTeam "Denizli Pausa"]
[BlackTeam "Canakkale Gokceada"]
[WhiteTeamCountry "TUR"]
[BlackTeamCountry "TUR"]

1. e4 e5 2. Nf3 Nc6 3. Bc4 Bc5 4. c3 Nf6 5. d4 exd4 6. cxd4 Bb4+ 7. Nc3 Nxe4 8. 0-0 Bxc3 9. d5 Bf6 10. Re1 Ne7 11. Rxe4 d6 12. Bg5 Bxg5 13. Nxg5 h6 14. Qa4+ Bd7 15. Qb3 hxg5 16. Rae1 Be6 17. dxe6 f6 18. Qxb7 Rb8 19. Qxa7 Rxb2 20. a4 Qb8 21. Qa6 c6 22. R4e3 d5 23. g3 dxc4 24. Rd1 Rb1 25. Rxb1 Qxb1+ 26. Kg2 0-0 27. Qxc4 Rd8 28. Qc5 Qb7 29. a5 Rd5 30. Qb6 Qa8 31. Qc7 c5 32. Kh3 g4+ 33. Kxg4 Rg5+ 34. Kh3 Rh5+ 35. Kg4 Qd5 36. Qf4 Qd1+ 37. Qf3 Rg5+ 38. Kh3 Qf1+ 39. Qg2 Rh5+ 40. Kg4 Qxg2 41. Kxh5 Qh3# 0-1

[Event "TUR-chT2"]
[Site "Konya"]
[Date "2015.07.29"]
[Round "7.9"]
[White "Dursun, Poyraz"]
[Black "Dai, Irmak"]
[Result "1/2-1/2"]
[WhiteElo "1464"]
[BlackElo "1686"]
[PlyCount "74"]
[EventDate "2015.07.25"]
[EventType "team-swiss"]
[EventRounds "9"]
[EventCountry "TUR"]
[SourceTitle "EXT 2017"]
[Source "ChessBase"]
[SourceDate "2016.10.25"]
[SourceVersion "1"]
[SourceVersionDate "2016.10.25"]
[SourceQuality "1"]
[WhiteTeam "Denizli Pausa"]
[BlackTeam "Gaziantep Sader"]
[WhiteTeamCountry "TUR"]
[BlackTeamCountry "TUR"]

1. d4 d5 2. Nf3 Nf6 3. e3 e6 4. Bd3 c5 5. c3 Nc6 6. Nbd2 Be7 7. 0-0 0-0 8. dxc5 Bxc5 9. e4 Qc7 10. exd5 exd5 11. Nb3 Bd6 12. h3 Ne5 13. Bc2 h6 14. Nbd4 a6 15. Nxe5 Bxe5 16. f4 Bd6 17. Kh1 Re8 18. Qf3 Bd7 19. Bb3 Bc6 20. Be3 Ne4 21. Rfe1 Be7 22. Qg4 h5 23. Qf3 Bh4 24. Red1 Ng3+ 25. Kg1 Qd6 26. Bf2 Qg6 27. Bxg3 Qxg3 28. Qxg3 Bxg3 29. Rf1 Re4 30. Nf5 Bxf4 31. Bc2 Be3+ 32. Kh1 Re5 33. Rae1 Rae8 34. Nxe3 Rxe3 35. Rxe3 Rxe3 36. Rf2 g6 37. Rd2 Kf8 1/2-1/2

[Event "Kemer Turkey Cup"]
[Site "Kemer"]
[Date "2014.02.07"]
[Round "8"]
[White "Dursun, Poyraz"]
[Black "Agdelen, Huseyin Can"]
[Result "0-1"]
[WhiteElo "1425"]
[BlackElo "1847"]
[PlyCount "114"]
[EventDate "2014.02.01"]
[EventType "swiss"]
[EventRounds "9"]
[EventCountry "TUR"]
[SourceTitle "CBM 158 Extra"]
[Source "ChessBase"]
[SourceDate "2014.02.28"]
[SourceVersion "1"]
[SourceVersionDate "2014.02.28"]
[SourceQuality "1"]

1. d4 Nf6 2. Nf3 g6 3. e3 Bg7 4. Bd3 d5 5. Nbd2 0-0 6. 0-0 c5 7. c3 Nc6 8. dxc5 e5 9. Bc2 a5 10. a4 Qe7 11. Qe2 Qxc5 12. Nb3 Qe7 13. Rd1 b6 14. e4 dxe4 15. Bxe4 Nxe4 16. Qxe4 Bb7 17. Qe2 Qe6 18. Nbd2 Ba6 19. Qe1 f5 20. Nf1 e4 21. N3d2 Ne5 22. Qe3 Ng4 23. Qe1 Rae8 24. h3 Ne5 25. Qe3 Nd3 26. f3 Be5 27. fxe4 Bf4 28. Qe2 fxe4 29. c4 Nc5 30. Ne3 Rd8 31. Ndf1 Rd3 32. Nd5 Bxc1 33. Raxc1 Rxd5 34. cxd5 Bxe2 35. dxe6 Bxd1 36. Rxd1 Re8 37. Rd6 Rxe6 38. Rxe6 Nxe6 39. Nd2 Nc5 40. b3 e3 41. Nc4 Nxb3 42. Nxb6 Kf7 43. Kf1 Ke6 44. Ke2 Kd6 45. Nc4+ Kc5 46. Nb2 Kd4 47. Nd3 Nc5 48. Nb2 Ne4 49. Kf3 Nc3 50. h4 e2 51. Kf2 Nd1+ 52. Kxe2 Nxb2 53. Kf3 Nxa4 54. Kf4 Nc5 55. Kg5 a4 56. g4 a3 57. Kh6 a2 0-1